000 00682nam a2200229Ia 4500
003 GCL
008 140319s9999 xx 000 0 ara d
040 _aGCL /
_cGCL
082 0 4 _a759.06
_bب ف
100 1 _aباونيس، الان
245 1 0 _aالفن الاوروبى الحديث /
_cباونيس، الان
700 1 _aفخرى خليل (مترجم)
700 1 _aجبرا خليل جبرا
260 _a[S.N] :
_bالمؤسسة العربية للدراسات والنشر ،
_c1994
300 _a275 ص
490 _a
650 0 4 _aالفن
650 0 4 _aالفن الحديث
650 0 4 _aالسيريالية
650 0 4 _aاوربا
942 _2ddc
_cBK
999 _c35672
_d35672